00771nam a22002177a 450000500170000001000140001702000250003102000220005603500130007803700130009108200140010410000300011824500940014826000380024227000450028030000270032550000190035294200280037199900170039995201370041620100811111750.0 aENG-99693 a9788177355147c35.00 a8177355147c35.00 aEN-83225 bDBAD/PUB a338.43664 aSenthil, S. Azhagu910646 aMarket basket analysis using single dimensoinal data in dataminig /cby S. Azhagu Senthil aChennaibPavai Publicationsc2008 a142, Jani Jan Khan RoadbChennaie600014 a68p.bill.c21cm (pbk) aIncludes index 2ddccENh338.43664mSEN c40874d40874 001040718NFICaDBADbDBADd2010-08-11eDBAD/PUBg35.00l0o338.43664 SENpEN-83225r2010-08-11 00:00:00t1v35.00w2010-08-11yEN